00568nam a2200205Ia 4500003000400000005001700004008004100021020001800062040001800080041000800098082001800106100002100124245006900145250001200214260003700226300003000263650002400293650002200317650002300339OSt20240527105329.0210716s2011 xx 000 0 und d a9780099537359 cAIMIT LIBRARY aeng a374.22 bPORE aPorter, Eduardo. aPrice of everything : btrue cost of living /cBy Eduardo Porter a1st ed. aLondon :c2011.bWindill Books , aviii,296p. ;bPBc19.5 cm aThe price of things aThe price of life aThe price of women